000 00390nam a22001577a 4500
003 OSt
008 250219b |||||||| |||| 00| 0 eng d
041 _aeng
082 _a628
_bRAO/EN
100 _aRao, GV
_97185
245 _aEnvironmental geotechnology with geosynthesis
250 _a1st
260 _aNew Delhi:
_bVigyan Bhavan,
_c1996.
700 _aBanerjee, PK
_97186
942 _cBK
999 _c19412
_d19412